MESTSKÁ KNIŽNICA GIRALTOVCE  - online katalóg 

Piesne šťatných detí (Record no. 15190)

000 -NÁVESTIE
fixed length control field 00656nam a2200217 a 4500
008 - ÚDAJE S PEVNOU DĹŽKOU – VŠEOBECNÉ INFORMÁCIE
fixed length control field 960514s1981||||[C 0 slo c
020 ## - MEDZINÁRODNÉ ŠTANDARDNÉ ČÍSLO KNIHY (ISBN)
Údaje o dostupnosti 9 Kčs.
Qualifying information (5000 výtl.)
040 ## - ZDROJ KATALOGIZÁCIE
Pôvodná katalogizujúca agentúra SNK
Jazyk katalogizácie slo
Prepisujúca agentúra SNK
Konvencie popisu AACR2
041 1# - KÓD JAZYKA
Kód jazyka textu/zvukovej stopy alebo samostatných nápisov slo
044 ## - KÓD KRAJINY VYDAVATEĽA/PRODUCENTA
Kód krajiny MARC xo
Kód krajiny ISO SK
080 ## - ČÍSLO MEDZINÁRODNÉHO DESATINNÉHO TRIEDENIA (MDT)
Číslo Medzinárodného desatinného triedenia (MDT) 784.6:786.2.087.611
080 ## - ČÍSLO MEDZINÁRODNÉHO DESATINNÉHO TRIEDENIA (MDT)
Číslo Medzinárodného desatinného triedenia (MDT) 786.2.087.611
245 10 - NÁZOV
Názov Piesne šťatných detí
Médium Hudobnina
Zvyšok názvu Spev a klavír ; Katarína Lapšanská
250 ## - ÚDAJ O PORADÍ VYDANIA
Údaj o poradí vydania 1., vyd.
260 ## - VYDAVATEĽSKÉ ÚDAJE, DISTRIBÚCIA ATĎ.
Miesto publikovania, distribúcie atď. Bratislava
Názov vydavateľa, distibútora atď. Opus [vyd.]
Dátum publikovania, distribúcie atď. 1981
Miesto výroby Bratislava
Výrobca Polygrafické závody
300 ## - FYZICKÝ POPIS
Rozsah 35 s.
Rozmery 30 cm
500 ## - VŠEOBECNÁ POZNÁMKA
Formátovaná poznámka o obsahu Zostavila Katarína Lapšanská.
700 1# - PRIDANÝ VSTUP – OSOBNÉ MENO
Osobné meno Lapšanská, Katarína
Kód roly oth
924 ## -
-- klavír
958 ## - Formálny deskriptor
Formálny deskriptor H
Holdings
Stav stiahnutia (Blokovanie) (Withrawn status) Stav straty Stav poškodenia (Damaged status) Nie pre výpožičky (Not for loan) Spôsob nadobudnutia (Collection code) Trvalé umiestnenie Aktuálne umiestnenie Dátum nadobudnutia Náklady, bežná kúpna cena Inventárne číslo (prírastkové číslo) Full call number Dátum posledného výskytu Cena s účinnosťou od Typ jednotky Koha
        Kúpa Mestská knižnica Giraltovce Mestská knižnica Giraltovce 2019-11-29 9.00 14226 I 0286 2019-11-29 2019-11-29 Odborná literatúra pre dospelých

Powered by Koha